000 01117nam a22002897a 4500
005 20240305165551.0
007 cr|||| ||||
008 201020c20129999in zn|w s|||| 0|||b1eng d
022 _a2252-6536
035 _a32233
040 _avLex
090 _c10773
_d10773
245 1 0 _aUnnes Law Journal
_h[Recurso electrónico] /
256 _aServicio en línea
260 _aNueva Delhi:
_bEditorial vLex,
_c2012 -
300 _a1 recurso electrónico
310 _aIrregular
362 _aNº 1-1 (Abr. 2012) -
506 1 _aDisponible solo en los productos indicados
_dvLex Global
_dvLex Global (Academic Edition, excluding Law Schools)
_dvLex Global (U.S. Academic Edition, Law Schools)
_dvLex Global (U.S. Academic Edition, excluding Law Schools)
_dvLex Global (Academic Edition, Law Schools)
650 0 4 _aDerecho Penal
_zIndia
650 0 4 _aDerecho Público y Administrativo
_zIndia
650 0 4 _aDerecho Constitucional
_zIndia
650 0 4 _aDerecho Civil
_zIndia
740 0 _avLex Revistas (Servicio en línea)
856 4 0 _uhttps://app.vlex.com/#/sources/unnes-law-journal-32233
942 _cRAA
999 _c169009
_d169009